000 00682nam a2200253 i 4500
001 C2-0302238
003 PPAK
005 20180728083321.0
008 100118s2007 nyu |||| ||||| | eng d
020 _a9780451221889
040 _aPPAK
_beng
_cPPAK
_erda
082 0 4 _a823
_223
090 0 0 _a823
_bCAR
_dLCK
100 1 _aCarl, Joanna.,
_eauthor
245 1 4 _aThe chocolate jewel case
_ba chocoholic mystery
264 1 _aNew York :
_bSignet mystery ,
_c2007
300 _a228 pages ;
_c18 cm
336 _2rdacontent
_atext
337 _2rdamedia
_aunmediated
338 _2rdacarrier
_avolume
490 1 _aSignet Mystery
830 0 _aSignet Mystery
942 _ddc
_cB
999 _c105909
_d105909